Amantes (Record no. 114451)

MARC details
000 -LEADER
fixed length control field 00646nam a22001937a 4500
005 - DATE AND TIME OF LATEST TRANSACTION
control field 20160310094441.0
008 - FIXED-LENGTH DATA ELEMENTS--GENERAL INFORMATION
fixed length control field 160310b mx ||||| |||| 00| 0 spa d
020 ## - INTERNATIONAL STANDARD BOOK NUMBER
International Standard Book Number 9688604267
050 04 - LIBRARY OF CONGRESS CALL NUMBER
Classification number HM132
Item number C84 1992
100 1# - MAIN ENTRY--PERSONAL NAME
Personal name Cuevas Sosa, Andrés Alejandro,
Dates associated with a name 1939-
Relator term autor
245 10 - TITLE STATEMENT
Title Amantes
Remainder of title : ventajas y conflictos del adulterio y la fidelidad
Statement of responsibility, etc / Andres Alejandro Cuevas Sosa
260 ## - PUBLICATION, DISTRIBUTION, ETC. (IMPRINT)
Place of publication, distribution, etc México, D.F. :
Name of publisher, distributor, etc Pax México,
Date of publication, distribution, etc c1992
300 ## - PHYSICAL DESCRIPTION
Extent 268 p.;
Dimensions 21 cm.
650 #4 - SUBJECT ADDED ENTRY--TOPICAL TERM
Topical term or geographic name as entry element Hombres
General subdivision Comportamiento sexual
650 #4 - SUBJECT ADDED ENTRY--TOPICAL TERM
Topical term or geographic name as entry element Mujeres
General subdivision Comportamiento sexual
650 #4 - SUBJECT ADDED ENTRY--TOPICAL TERM
Topical term or geographic name as entry element Masculinidad
650 #4 - SUBJECT ADDED ENTRY--TOPICAL TERM
Topical term or geographic name as entry element Feminidad
942 ## - ADDED ENTRY ELEMENTS (KOHA)
Source of classification or shelving scheme Biblioteca del Cogreso de los Estados Unidos
Koha item type Libro
Holdings
Estado de pérdida Fuente de clasificación Estado del daño No para préstamo Ubicación permanente Ubicación actual Apartado o colección Fecha de adquisición Fuente de adquisición Edición Enumeración de Serie / Cronológica Dependencia de educación superior (DES) Área del conocimiento Clasificación Código de Barras Date last seen Número de copia Tipo de recurso
  Biblioteca del Cogreso de los Estados Unidos     Biblioteca de la Facultad de Psicología Biblioteca de la Facultad de Psicología General 10/03/2016 Donación 1a.ed. BFP000011491 Ciencias de la Salud Ciencias de la Salud HM132 C84 1992 BFP000011491 10/03/2016 1 Libro